000 01358nam0a2200349 4500
001 RU\NLR\BIBL_A\012773094
005 20250812100202.0
010 _a978-5-7422-7403-2
_955
021 _aRU
_bКН-П-22-000517
_9КН-П-22-0036
035 _a(NLR Aleph) 012773094
035 _a(RuMoRGB)010956403
090 _a13098945
_c13098945
100 _a20220425d2021 u y0rusy50 ca
101 0 _arus
102 _aRU
105 _aa z 000zy
181 0 _ai1
_baxxe
181 0 _ab3
_bxb2e
182 1 _an
200 1 _aБраслеты из бисера
_iТехника "Крестик"
_fАнна Кириличева
203 _aИзображение
_aТекст
_bвизуальные
_cнепосредственные
210 _aСанкт-Петербург
_cCанкт-Петербургский политехнический университет Петра Великого, Политех-Пресс
_d2021
215 _a[15] с.
_cцв. ил.
_d30
606 1 _aБраслеты из бисера
_92096805
_3RU\NLR\AUTH\661268589
675 _a746.54
_v4
686 1 _aМ484
700 1 _aКириличева
_bА. В.
_gАнна Владимировна
942 _cBOOK
980 _aNB